书目信息 |
| 题名: |
未成年人保护实证研究
|
|
| 作者: | 黄立 著 | |
| 分册: | ||
| 出版信息: | 北京 法律出版社 2014 |
|
| 页数: | 267页 | |
| 开本: | 26cm | |
| 丛书名: | ||
| 单 册: | ||
| 中图分类: | D922.74 | |
| 科图分类: | ||
| 主题词: | 青少年保护--Qing Shao Nian Bao Hu--研究--中国 | |
| 电子资源: | ||
| ISBN: | 978-7-5118-6629-5 | |
| 000 | 01099nam0 22002531 450 | |
| 001 | 0101082502 | |
| 005 | 20161201102437.18 | |
| 010 | @a978-7-5118-6629-5@dCNY48.00 | |
| 100 | @a20141008d2014 emky0chiy50 ea | |
| 101 | 0 | @achi |
| 102 | @aCN@b110000 | |
| 105 | @ay z 000yy | |
| 106 | @ar | |
| 200 | 1 | @a未成年人保护实证研究@AWei Cheng Nian Ren Bao Hu Shi Zheng Yan Jiu@e以广东省为样本@f黄立[等]著 |
| 210 | @a北京@c法律出版社@d2014 | |
| 215 | @a267页@d26cm | |
| 300 | @a广东省人民代表大会常务委员会专题调研委托课题 | |
| 330 | @a本书内容以广东省人民代表大会常务委员会专题调研委托课题为基本依据。本次调研以“两法两条例”实施状况为基本内容。以相关省级机关和有代表性的地级以上市为调研对象,对是十一个专题和四个子课题进行了报告。内容包括开展法制宣传教育情况、保障未成年人人身安全情况、办理未成年人刑事案件司法制度落实情况等。 | |
| 517 | 1 | @a以广东省为样本@AYi Guang Dong Sheng Wei Yang Ben |
| 606 | 0 | @a青少年保护@AQing Shao Nian Bao Hu@x研究@y中国 |
| 690 | @aD922.74@v5 | |
| 701 | 0 | @a黄立@AHuang Li@f(1962~)@4著 |
| 801 | 0 | @aCN@bTANGWEI@c20161128 |
| 905 | @b0951847-51@dD922.74@e1497@f5 | |
| 未成年人保护实证研究:以广东省为样本/黄立[等]著.-北京:法律出版社,2014 |
| 267页;26cm |
| 广东省人民代表大会常务委员会专题调研委托课题 |
| ISBN 978-7-5118-6629-5:CNY48.00 |
| 本书内容以广东省人民代表大会常务委员会专题调研委托课题为基本依据。本次调研以“两法两条例”实施状况为基本内容。以相关省级机关和有代表性的地级以上市为调研对象,对是十一个专题和四个子课题进行了报告。内容包括开展法制宣传教育情况、保障未成年人人身安全情况、办理未成年人刑事案件司法制度落实情况等。 |
| ● |
| 相关链接 |
|
|
|
|
正题名:未成年人保护实证研究
索取号:D922.74/1497
 
预约/预借
| 序号 | 登录号 | 条形码 | 馆藏地/架位号 | 状态 | 备注 |
| 1 | 0951847 | 209518477 | 第一样本阅览室/ [索取号:D922.74/1497] | 在馆 | |
| 2 | 0951848 | 209518486 | 密集书库-史法系/ [索取号:D922.74/1497] | 在馆 | |
| 3 | 0951849 | 209518495 | 第一借阅区/ [索取号:D922.74/1497] | 在馆 | |
| 4 | 0951850 | 209518501 | 第一借阅区/ [索取号:D922.74/1497] | 在馆 | |
| 5 | 0951851 | 209518510 | 第一借阅区/ [索取号:D922.74/1497] | 在馆 |